00333nam a2200097Ia 45000010005000000080041000050820028000461000027000742450110001012600024002113855241024s9999 xx 000 0 und d aRD/379.97293/F981c/2014 aFundación Sur Futuro 0aCogestión Pedagógica e Institucional Distrito Educativo 03-02de Padre Las Casa Informe Programático bSanto Domingoc2014